Advanced calculus (Record no. 7607)

000 -LEADER
fixed length control field 00443 a2200169 4500
020 ## - INTERNATIONAL STANDARD BOOK NUMBER
International Standard Book Number 8120300866
040 ## - CATALOGING SOURCE
Original cataloging agency DLC
Language of cataloging English
082 ## - DEWEY DECIMAL CLASSIFICATION NUMBER
Classification number 517
100 ## - MAIN ENTRY--PERSONAL NAME
Personal name Widder, David V.
245 ## - TITLE STATEMENT
Title Advanced calculus
Statement of responsibility, etc. David V.Widder
250 ## - EDITION STATEMENT
Edition statement 2nd ed
260 ## - PUBLICATION, DISTRIBUTION, ETC.
Place of publication, distribution, etc. New Delhi:
Name of publisher, distributor, etc. Prentice-Hall of India Pvt. Ltd.,
Date of publication, distribution, etc. 2002.
300 ## - PHYSICAL DESCRIPTION
Extent xvi, 520 p.
Other physical details : ill.
Dimensions ; 24 cm.
500 ## - GENERAL NOTE
General note Includes Index
650 ## - SUBJECT ADDED ENTRY--TOPICAL TERM
Topical term or geographic name entry element Calculus.
942 ## - ADDED ENTRY ELEMENTS (KOHA)
Koha item type Book
Call number prefix 517 WID
Source of classification or shelving scheme
Holdings
Withdrawn status Lost status Damaged status Not for loan Collection code Permanent Location Current Location Shelving location Date acquired Source of acquisition Cost, normal purchase price Total Checkouts Total Renewals Full call number Barcode Date last seen Date last checked out Price effective from Koha item type
          Central Library (CL) Central Library (CL) General Stacks 03/26/2003 Allied Book Company 169.59 3 1 517 WID SEECS003204 03/08/2023 01/03/2019 01/05/2017 Book
          Central Library (CL) Central Library (CL) General Stacks 03/26/2003 Allied Book Company 169.59 1   517 WID SEECS003206 11/29/2025 05/10/2016 01/05/2017 Book
          Central Library (CL) Central Library (CL) General Stacks 03/26/2003 Allied Book Company 169.59 1   517 WID SEECS003202 09/27/2016 09/21/2016 01/05/2017 Book
          Central Library (CL) Central Library (CL) General Stacks 03/26/2003 Allied Book Company 169.59 3 1 517 WID SEECS003207 10/20/2016 10/20/2016 01/05/2017 Book
          Central Library (CL) Central Library (CL) General Stacks 03/26/2003 Allied Book Company 169.59 1   517 WID SEECS003203 06/04/2016 03/22/2016 01/05/2017 Book
          Central Library (CL) Central Library (CL) General Stacks 03/26/2003 Allied Book Company 169.59 1   517 WID SEECS003205 09/21/2016 05/21/2016 01/05/2017 Book
© 2023 Central Library, National University of Sciences and Technology. All Rights Reserved.